| 000 | 00400 a2200133 4500 | ||
|---|---|---|---|
| 005 | 20250507143242.0 | ||
| 020 | _a0-201-04673-3 | ||
| 082 | _a658. 31 MOB | ||
| 100 | _aMOBLEY, W. H. | ||
| 245 | _aEmployee Turnover: Causes, Consequences, and Control | ||
| 260 |
_aLondon, _bWesley Publishing Company, _c1982. |
||
| 300 |
_axi, 212p.: ill.; figure, table. _bBibliography, index. _c21cm. |
||
| 942 |
_2ddc _cBKS |
||
| 999 |
_c2136 _d2136 |
||